Classement des régions de France les plus peuplées - Statistiques

Statistiques générales
  • Ce quiz a été pris 310 fois
  • Le résultat moyen est 3 sur 13
Statistiques - réponses
Hint Réponse % Correct
1 Île de France
88%
2 Auvergne-Rhône-Alpes
42%
13 Corse
24%
7 Provence-Alpes-Côte-d’Azur
21%
5 Hauts de France
19%
6 Grand-Est
16%
11 Bourgogne Franche Comté
15%
4 Occitanie
14%
9 Bretagne
12%
10 Normandie
11%
3 Nouvelle-Aquitaine
11%
12 Centre Val de Loire
10%
8 Pays de la Loire
7%
Aucun quiz correspondant
Distribution des résultats
% des personnes avec chaque résultat
Percentile par nombre de réponses
Votre historique - résultats
Vous n’avez pas pris ce quiz